Visualizzazione normale
Vista MARC
- Piccolo Coro dell'Antoniano
di Personal Name
Records bibliografici associati: 1
001 - CONTROL NUMBER
- control field: 7929
003 - CONTROL NUMBER IDENTIFIER
- control field: IT-RoPau
005 - DATE AND TIME OF LATEST TRANSACTION
- control field: 20140107095753.0
008 - FIXED-LENGTH DATA ELEMENTS
- fixed length control field: 140107|| aca||aabn | a|a d
040 ## - CATALOGING SOURCE
- Original cataloging agency: IT-RoPau
- Transcribing agency: IT-RoPau
100 ## - HEADING--PERSONAL NAME
- Personal name: Piccolo Coro dell'Antoniano
- Dates associated with a name: Codice interprete SPICS: 14061
- Relator term: Interprete
670 ## - SOURCE DATA FOUND
- Source citation: Work cat.: (IT-RoPau)103649: AA.VV. 794, Italia mia il nostro folklore regione per regione (Lp St 72018)